[Event "Campeonato España Sub 14"]
[Site "Salobreña"]
[Date "2017.07.17"]
[Round "1"]
[White "Gines Esteo, Pedro Antonio"]
[Black "Dorregarai Iparaguirre,Leire"]
[Result "1-0"]
[Board "1"]
[WhiteClock "n/a"]
[WhiteTitle "FM"]
[WhiteElo "2375"]
[WhiteCountry "ESP"]
[WhiteFideId "32080190"]
[WhiteEloChange "2"]
[BlackClock "n/a"]
[BlackElo "1552"]
[BlackCountry "ESP"]
[BlackFideId "24518760"]
[BlackEloChange "-2"]

1. e3 {[%clk 1:30:30]} Nf6 {[%clk 1:30:30]} 2. Nf3 {[%clk 1:30:30]} d6 {[%clk
1:30:30]} 3. c4 {[%clk 1:30:30]} Nc6 {[%clk 1:30:30]} 4. Nc3 {[%clk 1:30:30]} g6
{[%clk 1:30:30]} 5. Be2 {[%clk 1:30:30]} Bg7 {[%clk 1:30:30]} 6. O-O {[%clk
1:30:30]} O-O {[%clk 1:30:30]} 7. d4 {[%clk 1:30:30]} Nd7 {[%clk 1:30:30]} 8. d5
{[%clk 1:30:30]} Nce5 {[%clk 1:30:30]} 9. Nd2 {[%clk 1:30:30]} Nf6 {[%clk
1:30:30]} 10. f4 {[%clk 1:30:30]} Neg4 {[%clk 1:30:30]} 11. Nf3 {[%clk 1:30:30]}
h5 {[%clk 1:30:30]} 12. h3 {[%clk 1:30:30]} Nh6 {[%clk 1:30:30]} 13. e4 {[%clk
1:30:30]} Nd7 {[%clk 1:30:30]} 14. Bd3 {[%clk 1:30:30]} Nc5 {[%clk 1:30:30]} 15.
Bc2 {[%clk 1:30:30]} Kh7 {[%clk 1:30:30]} 16. Be3 {[%clk 1:30:30]} e6 {[%clk
1:30:30]} 17. e5 {[%clk 1:30:30]} Nf5 {[%clk 1:30:30]} 18. Bf2 {[%clk 1:30:30]}
Bh6 {[%clk 1:30:30]} 19. Nd4 {[%clk 1:30:30]} Nxd4 {[%clk 1:30:30]} 20. Bxd4
{[%clk 1:30:30]} a5 {[%clk 1:30:30]} 21. Qxh5 {[%clk 1:30:30]} b6 {[%clk
1:30:30]} 22. Qf3 {[%clk 1:30:30]} Bb7 {[%clk 1:30:30]} 23. Rad1 {[%clk 1:30:30]}
Qe7 {[%clk 1:30:30]} 24. Rfe1 {[%clk 1:30:30]} Qh4 {[%clk 1:30:30]} 25. g4 {[%clk
1:30:30]} Bg7 {[%clk 1:30:30]} 26. a3 {[%clk 1:30:30]} Rh8 {[%clk 1:30:30]} 27.
Bf2 {[%clk 1:30:30]} Qe7 {[%clk 1:30:30]} 28. Qg3 {[%clk 1:30:30]} dxe5 {[%clk
1:30:30]} 29. f5 {[%clk 1:30:30]} Bh6 {[%clk 1:30:30]} 30. Rxe5 {[%clk 1:30:30]}
Qf6 {[%clk 1:30:30]} 31. fxg6+ {[%clk 1:30:30]} fxg6 {[%clk 1:30:30]} 32. g5
{[%clk 1:30:30]} Qf7 {[%clk 1:30:30]} 33. gxh6 {[%clk 1:30:30]} Raf8 {[%clk
1:30:30]} 34. b4 {[%clk 1:30:30]} axb4 {[%clk 1:30:30]} 35. axb4 {[%clk 1:30:30]}
Nd7 {[%clk 1:30:30]} 36. Rxe6 {[%clk 1:30:30]} Rhg8 {[%clk 1:30:30]} 37. Ne4
{[%clk 1:30:30]} 1-0

[Event "Campeonato España Sub 14"]
[Site "Salobreña"]
[Date "2017.07.17"]
[Round "1"]
[White "Gutierrez Marco, Dario"]
[Black "Henderson de La Fuente, Lance"]
[Result "0-1"]
[Board "2"]
[WhiteClock "1:30"]
[WhiteElo "1539"]
[WhiteCountry "ESP"]
[WhiteFideId "24529125"]
[WhiteEloChange "-2"]
[BlackClock "1:30"]
[BlackElo "2369"]
[BlackCountry "ESP"]
[BlackFideId "32096585"]
[BlackEloChange "2"]

1. e4 {[%clk 1:30:00]} c5 {[%clk 1:30:00]} 2. Nc3 {[%clk 1:31:00]} e6 {[%clk
1:30:00]} 3. Nf3 {[%clk 1:31:00]} Nc6 {[%clk 1:30:00]} 4. d4 {[%clk 1:31:00]}
cxd4 {[%clk 1:30:00]} 5. Nxd4 {[%clk 1:31:00]} Qc7 {[%clk 1:31:00]} 6. Be2 {[%clk
1:31:00]} a6 {[%clk 1:31:00]} 7. O-O {[%clk 1:30:00]} Nf6 {[%clk 1:29:00]} 8. Be3
{[%clk 1:29:00]} Be7 {[%clk 1:29:00]} 9. f4 {[%clk 1:27:00]} d6 {[%clk 1:29:00]}
10. Qe1 {[%clk 1:26:00]} O-O {[%clk 1:30:00]} 11. Qg3 {[%clk 1:25:00]} Nxd4
{[%clk 1:29:00]} 12. Bxd4 {[%clk 1:25:00]} b5 {[%clk 1:30:00]} 13. a3 {[%clk
1:23:00]} Bb7 {[%clk 1:30:00]} 14. Bd3 {[%clk 1:18:00]} Rad8 {[%clk 1:29:00]} 15.
Kh1 {[%clk 1:10:00]} Rd7 {[%clk 1:27:00]} 16. Rae1 {[%clk 1:07:00]} Re8 {[%clk
1:28:00]} 17. Qh3 {[%clk 1:01:00]} Qd8 {[%clk 0:52:00]} 18. e5 {[%clk 0:50:00]}
dxe5 {[%clk 0:52:00]} 19. Bxe5 {[%clk 0:50:00]} g6 {[%clk 0:50:00]} 20. Rd1
{[%clk 0:40:00]} Bc6 {[%clk 0:41:00]} 21. Rf2 {[%clk 0:36:00]} h5 {[%clk
0:34:00]} 22. Be2 {[%clk 0:29:00]} Rxd1+ {[%clk 0:31:00]} 23. Nxd1 {[%clk
0:28:00]} Ne4 {[%clk 0:27:00]} 24. Rf1 {[%clk 0:29:00]} Qd2 {[%clk 0:26:00]} 25.
Qd3 {[%clk 0:28:00]} Rd8 {[%clk 0:26:00]} 26. Qxd2 {[%clk 0:28:00]} Rxd2 {[%clk
0:24:00]} 27. Bd3 {[%clk 0:28:00]} Rxd1 {[%clk 0:24:00]} 28. Rxd1 {[%clk
0:28:00]} Nf2+ {[%clk 0:25:00]} 29. Kg1 {[%clk 0:28:00]} Nxd1 {[%clk 0:25:00]}
30. Bd4 {[%clk 0:28:00]} e5 {[%clk 0:25:00]} 0-1

[Event "Campeonato España Sub 14"]
[Site "Salobreña"]
[Date "2017.07.17"]
[Round "1"]
[White "Quispe Arteaga, Gabriel"]
[Black "Hernandez Capote, Carmen"]
[Result "1-0"]
[Board "3"]
[WhiteClock "1:30"]
[WhiteTitle "FM"]
[WhiteElo "2231"]
[WhiteCountry "ESP"]
[WhiteFideId "32059809"]
[WhiteEloChange "2"]
[BlackClock "1:30"]
[BlackElo "1539"]
[BlackCountry "ESP"]
[BlackFideId "32091656"]
[BlackEloChange "-2"]

1. Nf3 {[%clk 1:30:00]} Nf6 {[%clk 1:30:00]} 2. d4 {[%clk 1:31:00]} g6 {[%clk
1:31:00]} 3. g3 {[%clk 1:31:00]} Bg7 {[%clk 1:31:00]} 4. Bg2 {[%clk 1:31:00]} O-O
{[%clk 1:31:00]} 5. O-O {[%clk 1:31:00]} d6 {[%clk 1:31:00]} 6. c4 {[%clk
1:32:00]} Nc6 {[%clk 1:31:00]} 7. Nc3 {[%clk 1:30:00]} a6 {[%clk 1:31:00]} 8. e4
{[%clk 1:16:00]} Rb8 {[%clk 1:25:00]} 9. Ne1 {[%clk 1:09:00]} Bg4 {[%clk
1:14:00]} 10. f3 {[%clk 1:07:00]} Bd7 {[%clk 1:10:00]} 11. Be3 {[%clk 1:01:00]}
b5 {[%clk 1:06:00]} 12. cxb5 {[%clk 1:01:00]} axb5 {[%clk 1:06:00]} 13. Rc1
{[%clk 1:01:00]} b4 {[%clk 0:50:00]} 14. Ne2 {[%clk 0:59:00]} Na5 {[%clk
0:47:00]} 15. b3 {[%clk 0:59:00]} Bb5 {[%clk 0:46:00]} 16. Rf2 {[%clk 0:59:00]}
Nd7 {[%clk 0:45:00]} 17. Nd3 {[%clk 1:00:00]} Bxd3 {[%clk 0:41:00]} 18. Qxd3
{[%clk 1:00:00]} Nb7 {[%clk 0:40:00]} 19. Bh3 {[%clk 0:47:00]} c5 {[%clk
0:26:00]} 20. Bxd7 {[%clk 0:46:00]} cxd4 {[%clk 0:26:00]} 21. Nxd4 {[%clk
0:44:00]} Qxd7 {[%clk 0:22:00]} 22. Nc6 {[%clk 0:45:00]} Rbc8 {[%clk 0:22:00]}
23. Nxb4 {[%clk 0:41:00]} Rxc1+ {[%clk 0:21:00]} 24. Bxc1 {[%clk 0:42:00]} Rc8
{[%clk 0:21:00]} 25. Rc2 {[%clk 0:42:00]} Nc5 {[%clk 0:17:58]} 26. Qc4 {[%clk
0:43:00]} Qa7 {[%clk 0:16:52]} 27. Be3 {[%clk 0:43:00]} Ra8 {[%clk 0:16:29]} 28.
Kg2 {[%clk 0:43:00]} Bf8 {[%clk 0:15:15]} 29. Nd5 {[%clk 0:43:00]} Qa3 {[%clk
0:14:32]} 30. Nc7 {[%clk 0:41:00]} Rb8 {[%clk 0:09:20]} 31. Bxc5 {[%clk 0:41:00]}
dxc5 {[%clk 0:09:35]} 32. Qxc5 {[%clk 0:41:00]} e6 {[%clk 0:08:44]} 33. Qxa3
{[%clk 0:41:00]} Bxa3 {[%clk 0:08:46]} 34. Na6 {[%clk 0:41:00]} Ra8 {[%clk
0:08:16]} 35. Rc6 {[%clk 0:38:00]} Kf8 {[%clk 0:07:56]} 36. b4 {[%clk 0:38:00]}
Ke7 {[%clk 0:07:40]} 37. b5 {[%clk 0:39:00]} Ra7 {[%clk 0:05:05]} 38. Rc3 {[%clk
0:37:00]} Bb2 {[%clk 0:04:50]} 39. Rb3 {[%clk 0:36:00]} Bd4 {[%clk 0:03:44]} 40.
Kh3 {[%clk 0:36:00]} f6 {[%clk 0:03:06]} 41. Nb4 {[%clk 0:36:00]} Ke8 {[%clk
0:02:18]} 42. Nc6 {[%clk 0:37:00]} Rd7 {[%clk 0:02:27]} 43. Nxd4 {[%clk 0:37:00]}
Rxd4 {[%clk 0:02:26]} 44. b6 {[%clk 0:37:00]} Rd8 {[%clk 0:02:33]} 45. b7 {[%clk
0:38:00]} Rb8 {[%clk 0:02:44]} 46. a4 {[%clk 0:38:00]} 1-0

[Event "Campeonato España Sub 14"]
[Site "Salobreña"]
[Date "2017.07.17"]
[Round "1"]
[White "Serrano Almendros, Alejandro"]
[Black "Alonso Garcia, Aaron"]
[Result "0-1"]
[Board "4"]
[WhiteClock "1:30"]
[WhiteElo "1535"]
[WhiteCountry "ESP"]
[WhiteFideId "24561576"]
[WhiteEloChange "-2"]
[BlackClock "1:30"]
[BlackElo "2119"]
[BlackCountry "ESP"]
[BlackFideId "24521060"]
[BlackEloChange "2"]

1. e4 {[%clk 1:30:00]} g6 {[%clk 1:30:00]} 2. d4 {[%clk 1:30:00]} Bg7 {[%clk
1:31:00]} 3. c4 {[%clk 1:30:00]} d6 {[%clk 1:31:00]} 4. Nc3 {[%clk 1:29:00]} Nf6
{[%clk 1:31:00]} 5. Be2 {[%clk 1:29:00]} c5 {[%clk 1:30:00]} 6. dxc5 {[%clk
1:26:00]} Qa5 {[%clk 1:30:00]} 7. Bd2 {[%clk 1:22:00]} dxc5 {[%clk 1:30:00]} 8.
Qc2 {[%clk 1:18:00]} O-O {[%clk 1:25:00]} 9. Nd5 {[%clk 1:10:00]} Qd8 {[%clk
1:25:00]} 10. Bc3 {[%clk 1:07:00]} Nc6 {[%clk 1:16:00]} 11. Rd1 {[%clk 1:02:00]}
Nd7 {[%clk 1:06:00]} 12. Bxg7 {[%clk 0:56:00]} Kxg7 {[%clk 1:06:00]} 13. h4
{[%clk 0:53:00]} h6 {[%clk 0:54:00]} 14. f4 {[%clk 0:51:00]} e6 {[%clk 0:50:00]}
15. Ne3 {[%clk 0:49:00]} Qc7 {[%clk 0:41:00]} 16. g3 {[%clk 0:45:00]} b6 {[%clk
0:35:00]} 17. Nf3 {[%clk 0:40:00]} Bb7 {[%clk 0:33:00]} 18. Rg1 {[%clk 0:40:00]}
Rad8 {[%clk 0:29:00]} 19. Kf2 {[%clk 0:37:00]} Nf6 {[%clk 0:26:00]} 20. e5 {[%clk
0:34:00]} Nh5 {[%clk 0:24:00]} 21. Rxd8 {[%clk 0:32:00]} Rxd8 {[%clk 0:25:00]}
22. Rd1 {[%clk 0:32:00]} Nd4 {[%clk 0:20:00]} 23. Qd2 {[%clk 0:27:00]} Qc6 {[%clk
0:17:46]} 24. Nc2 {[%clk 0:22:00]} Nxe2 {[%clk 0:17:41]} 25. Qxe2 {[%clk
0:21:00]} Rxd1 {[%clk 0:18:02]} 26. Qxd1 {[%clk 0:21:00]} Qe4 {[%clk 0:16:19]}
27. Ne3 {[%clk 0:21:00]} Nxg3 {[%clk 0:16:08]} 28. Kxg3 {[%clk 0:18:48]} Qxe3
{[%clk 0:16:37]} 29. Qb3 {[%clk 0:17:05]} Qxb3 {[%clk 0:13:38]} 30. axb3 {[%clk
0:17:33]} Bxf3 {[%clk 0:14:29]} 31. Kxf3 {[%clk 0:17:30]} g5 {[%clk 0:14:57]} 32.
fxg5 {[%clk 0:14:47]} hxg5 {[%clk 0:15:26]} 33. hxg5 {[%clk 0:14:04]} Kg6 {[%clk
0:15:55]} 34. Kg4 {[%clk 0:13:00]} a5 {[%clk 0:16:24]} 35. b4 {[%clk 0:12:50]}
cxb4 {[%clk 0:16:43]} 36. c5 {[%clk 0:11:50]} bxc5 {[%clk 0:17:10]} 37. b3 {[%clk
0:11:09]} a4 {[%clk 0:17:39]} 38. bxa4 {[%clk 0:10:53]} b3 {[%clk 0:17:39]} 0-1

[Event "Campeonato España Sub 14"]
[Site "Salobreña"]
[Date "2017.07.17"]
[Round "1"]
[White "Gomez Carreno, Martin"]
[Black "Pascual Garcia, Martin"]
[Result "1-0"]
[Board "5"]
[WhiteClock "1:30"]
[WhiteElo "2089"]
[WhiteCountry "ESP"]
[WhiteFideId "32066171"]
[WhiteEloChange "2"]
[BlackClock "1:30"]
[BlackElo "1531"]
[BlackCountry "ESP"]
[BlackFideId "24523321"]
[BlackEloChange "-2"]

1. d4 {[%clk 1:30:00]} d5 {[%clk 1:30:00]} 2. e3 {[%clk 1:31:00]} Nf6 {[%clk
1:30:00]} 3. Bd3 {[%clk 1:31:00]} Bg4 {[%clk 1:29:00]} 4. f3 {[%clk 1:31:00]} Bh5
{[%clk 1:29:00]} 5. c4 {[%clk 1:30:00]} e6 {[%clk 1:28:00]} 6. Qb3 {[%clk
1:28:00]} b6 {[%clk 1:23:00]} 7. Nc3 {[%clk 1:26:00]} Be7 {[%clk 1:21:00]} 8.
Nge2 {[%clk 1:23:00]} O-O {[%clk 1:20:00]} 9. cxd5 {[%clk 1:19:00]} exd5 {[%clk
1:19:00]} 10. Nf4 {[%clk 1:18:00]} Re8 {[%clk 1:14:00]} 11. Nxh5 {[%clk 1:12:00]}
Nxh5 {[%clk 1:12:00]} 12. Nxd5 {[%clk 1:12:00]} Bh4+ {[%clk 1:10:00]} 13. g3
{[%clk 1:07:00]} Nf6 {[%clk 1:07:00]} 14. Nxf6+ {[%clk 1:07:00]} Bxf6 {[%clk
1:07:00]} 15. Be4 {[%clk 1:05:00]} c6 {[%clk 1:07:00]} 16. Bd2 {[%clk 1:04:00]}
Qd6 {[%clk 1:04:00]} 17. Bb4 {[%clk 0:58:00]} Qd7 {[%clk 1:03:00]} 18. O-O-O
{[%clk 0:53:00]} a5 {[%clk 1:03:00]} 19. Bc3 {[%clk 0:53:00]} b5 {[%clk 1:03:00]}
20. d5 {[%clk 0:50:00]} Bxc3 {[%clk 1:02:00]} 21. Qxc3 {[%clk 0:46:00]} b4 {[%clk
1:00:00]} 22. Qc4 {[%clk 0:39:00]} cxd5 {[%clk 0:58:00]} 23. Bxd5 {[%clk
0:34:00]} Ra7 {[%clk 0:56:00]} 24. Kb1 {[%clk 0:33:00]} Qf5+ {[%clk 0:54:00]} 25.
e4 {[%clk 0:32:00]} Qf6 {[%clk 0:54:00]} 26. f4 {[%clk 0:30:00]} Nd7 {[%clk
0:53:00]} 27. e5 {[%clk 0:27:00]} Qg6+ {[%clk 0:53:00]} 28. Be4 {[%clk 0:27:00]}
Nb6 {[%clk 0:52:00]} 29. Qc2 {[%clk 0:27:00]} Qh6 {[%clk 0:52:00]} 30. Rd6 {[%clk
0:28:00]} Qh3 {[%clk 0:49:00]} 31. Rxb6 {[%clk 0:28:00]} h6 {[%clk 0:49:00]} 32.
Rd1 {[%clk 0:22:00]} Qg4 {[%clk 0:47:00]} 33. Rbd6 {[%clk 0:22:00]} Rae7 {[%clk
0:46:00]} 34. Rd8 {[%clk 0:22:00]} Qh5 {[%clk 0:46:00]} 35. Qc5 {[%clk 0:22:00]}
Re6 {[%clk 0:46:00]} 36. Qb5 {[%clk 0:18:55]} f6 {[%clk 0:45:00]} 37. g4 {[%clk
0:18:33]} Qf7 {[%clk 0:44:00]} 38. Rxe8+ {[%clk 0:18:36]} Qxe8 {[%clk 0:44:00]}
39. Qxe8+ {[%clk 0:19:00]} Rxe8 {[%clk 0:44:00]} 40. Bg6 {[%clk 0:19:27]} Rc8
{[%clk 0:44:00]} 41. e6 {[%clk 0:19:47]} Kf8 {[%clk 0:45:00]} 42. Rd7 {[%clk
0:19:52]} Rc6 {[%clk 0:45:00]} 43. e7+ {[%clk 0:20:00]} Kg8 {[%clk 0:45:00]} 44.
Rd8# {[%clk 0:20:00]} 1-0

[Event "Campeonato España Sub 14"]
[Site "Salobreña"]
[Date "2017.07.17"]
[Round "1"]
[White "De Mendizabal Gijon, Raul"]
[Black "Eizaguerri Floris, Maria"]
[Result "0-1"]
[Board "6"]
[WhiteClock "1:30"]
[WhiteElo "1526"]
[WhiteCountry "ESP"]
[WhiteFideId "32092334"]
[WhiteEloChange "-2"]
[BlackClock "1:30"]
[BlackTitle "WFM"]
[BlackElo "2075"]
[BlackCountry "ESP"]
[BlackFideId "32065752"]
[BlackEloChange "2"]

1. c4 {[%clk 1:30:00]} e5 {[%clk 1:30:00]} 2. Nc3 {[%clk 1:31:00]} Nc6 {[%clk
1:31:00]} 3. g3 {[%clk 1:31:00]} Bc5 {[%clk 1:31:00]} 4. Bg2 {[%clk 1:32:00]} d6
{[%clk 1:31:00]} 5. Nf3 {[%clk 1:32:00]} Nf6 {[%clk 1:30:00]} 6. O-O {[%clk
1:32:00]} O-O {[%clk 1:29:00]} 7. Na4 {[%clk 1:31:00]} Bf5 {[%clk 1:23:00]} 8.
Nxc5 {[%clk 1:29:00]} dxc5 {[%clk 1:24:00]} 9. a3 {[%clk 1:26:00]} Re8 {[%clk
1:21:00]} 10. b3 {[%clk 1:20:00]} Qd7 {[%clk 1:17:00]} 11. Bb2 {[%clk 1:10:00]}
Bh3 {[%clk 1:16:00]} 12. Ng5 {[%clk 1:06:00]} Bxg2 {[%clk 1:15:00]} 13. Kxg2
{[%clk 1:07:00]} Rad8 {[%clk 1:10:00]} 14. Bc3 {[%clk 0:57:00]} h6 {[%clk
1:09:00]} 15. Nf3 {[%clk 0:55:00]} Ne4 {[%clk 1:08:00]} 16. e3 {[%clk 0:45:00]}
Nxc3 {[%clk 0:56:00]} 17. dxc3 {[%clk 0:45:00]} e4 {[%clk 0:55:00]} 18. Ng1
{[%clk 0:44:00]} Qf5 {[%clk 0:51:00]} 19. Qe2 {[%clk 0:42:00]} Rd3 {[%clk
0:48:00]} 20. Rac1 {[%clk 0:38:00]} Red8 {[%clk 0:45:00]} 21. Rfd1 {[%clk
0:37:00]} Qf6 {[%clk 0:40:00]} 22. Rxd3 {[%clk 0:34:00]} Rxd3 {[%clk 0:40:00]}
23. Qb2 {[%clk 0:34:00]} Qd6 {[%clk 0:40:00]} 24. Rc2 {[%clk 0:34:00]} Ne5 {[%clk
0:40:00]} 25. b4 {[%clk 0:32:00]} Nxc4 {[%clk 0:37:00]} 26. bxc5 {[%clk 0:31:00]}
Qd5 {[%clk 0:37:00]} 27. Qb4 {[%clk 0:29:00]} Rxe3 {[%clk 0:35:00]} 28. Ne2
{[%clk 0:28:00]} g5 {[%clk 0:29:00]} 29. Nd4 {[%clk 0:25:00]} Rd3 {[%clk
0:28:00]} 30. Kf1 {[%clk 0:23:00]} e3 {[%clk 0:28:00]} 31. Nf5 {[%clk 0:22:00]}
Qh1+ {[%clk 0:28:00]} 32. Ke2 {[%clk 0:22:00]} Qd1# {[%clk 0:28:00]} 0-1

[Event "Campeonato España Sub 14"]
[Site "Salobreña"]
[Date "2017.07.17"]
[Round "1"]
[White "Garcia Gimenez, Santiago"]
[Black "Morillas Machetti, Marta"]
[Result "1-0"]
[Board "7"]
[WhiteClock "1:30"]
[WhiteElo "2064"]
[WhiteCountry "ESP"]
[WhiteFideId "32063350"]
[WhiteEloChange "2"]
[BlackClock "1:30"]
[BlackElo "1523"]
[BlackCountry "ESP"]
[BlackFideId "32074824"]
[BlackEloChange "-2"]

1. e4 {[%clk 1:30:00]} d5 {[%clk 1:30:00]} 2. exd5 {[%clk 1:31:00]} Qxd5 {[%clk
1:31:00]} 3. Nc3 {[%clk 1:31:00]} Qd8 {[%clk 1:31:00]} 4. Nf3 {[%clk 1:30:00]}
Nf6 {[%clk 1:29:00]} 5. Bc4 {[%clk 1:29:00]} a6 {[%clk 1:28:00]} 6. d4 {[%clk
1:29:00]} b5 {[%clk 1:24:00]} 7. Bb3 {[%clk 1:30:00]} e6 {[%clk 1:23:00]} 8. O-O
{[%clk 1:28:00]} Bb4 {[%clk 1:19:00]} 9. Re1 {[%clk 1:26:00]} O-O {[%clk
1:14:00]} 10. Bg5 {[%clk 1:26:00]} Bb7 {[%clk 1:12:00]} 11. a3 {[%clk 1:26:00]}
Be7 {[%clk 1:07:00]} 12. Qe2 {[%clk 1:25:00]} Re8 {[%clk 1:05:00]} 13. Rad1
{[%clk 1:25:00]} Nbd7 {[%clk 0:59:00]} 14. Ne5 {[%clk 1:22:00]} Nd5 {[%clk
0:48:00]} 15. Nxf7 {[%clk 1:17:00]} Qc8 {[%clk 0:39:00]} 16. Qxe6 {[%clk
1:17:00]} Bxg5 {[%clk 0:36:00]} 17. Nh6+ {[%clk 1:17:00]} Kh8 {[%clk 0:37:00]}
18. Qg8+ {[%clk 1:17:00]} 1-0

[Event "Campeonato España Sub 14"]
[Site "Salobreña"]
[Date "2017.07.17"]
[Round "1"]
[White "Hernandez Guerra, Luna Yue"]
[Black "Prado Lobo, Jonas"]
[Result "0-1"]
[Board "8"]
[WhiteClock "1:30"]
[WhiteElo "1522"]
[WhiteCountry "ESP"]
[WhiteFideId "32089910"]
[WhiteEloChange "-2"]
[BlackClock "1:30"]
[BlackElo "2054"]
[BlackCountry "ESP"]
[BlackFideId "32050666"]
[BlackEloChange "2"]

1. e4 {[%clk 1:30:00]} e6 {[%clk 1:30:00]} 2. d4 {[%clk 1:31:00]} d5 {[%clk
1:31:00]} 3. Nd2 {[%clk 1:31:00]} Nf6 {[%clk 1:31:00]} 4. e5 {[%clk 1:31:00]}
Nfd7 {[%clk 1:32:00]} 5. Bd3 {[%clk 1:32:00]} c5 {[%clk 1:32:00]} 6. c3 {[%clk
1:32:00]} Nc6 {[%clk 1:32:00]} 7. Ne2 {[%clk 1:32:00]} f6 {[%clk 1:33:00]} 8.
exf6 {[%clk 1:32:00]} Nxf6 {[%clk 1:33:00]} 9. O-O {[%clk 1:31:00]} e5 {[%clk
1:27:00]} 10. dxe5 {[%clk 1:25:00]} Nxe5 {[%clk 1:27:00]} 11. Bb5+ {[%clk
1:25:00]} Bd7 {[%clk 1:27:00]} 12. Bxd7+ {[%clk 1:25:00]} Qxd7 {[%clk 1:26:00]}
13. Nf4 {[%clk 1:21:00]} Bd6 {[%clk 1:20:00]} 14. Nb3 {[%clk 1:15:00]} O-O-O
{[%clk 1:04:00]} 15. Be3 {[%clk 1:05:00]} Nc4 {[%clk 1:00:00]} 16. h3 {[%clk
0:46:00]} Qf5 {[%clk 0:52:00]} 17. Qd3 {[%clk 0:43:00]} Nxe3 {[%clk 0:52:00]} 18.
fxe3 {[%clk 0:34:00]} Qxd3 {[%clk 0:52:00]} 19. Nxd3 {[%clk 0:35:00]} c4 {[%clk
0:52:00]} 20. Nd4 {[%clk 0:34:00]} cxd3 {[%clk 0:52:00]} 21. Ne6 {[%clk 0:33:00]}
Rd7 {[%clk 0:51:00]} 22. Nxg7 {[%clk 0:33:00]} Rxg7 {[%clk 0:50:00]} 23. Rxf6
{[%clk 0:34:00]} Bc5 {[%clk 0:51:00]} 24. Kf2 {[%clk 0:29:00]} Re8 {[%clk
0:51:00]} 25. Rf5 {[%clk 0:27:00]} Rxe3 {[%clk 0:51:00]} 0-1

[Event "Campeonato España Sub 14"]
[Site "Salobreña"]
[Date "2017.07.17"]
[Round "1"]
[White "Diaz Mino, Pablo"]
[Black "Perez Jimenez, Jose Manuel"]
[Result "1-0"]
[Board "9"]
[WhiteClock "1:30"]
[WhiteElo "2047"]
[WhiteCountry "ESP"]
[WhiteFideId "24520470"]
[WhiteEloChange "2"]
[BlackClock "1:30"]
[BlackElo "1519"]
[BlackCountry "ESP"]
[BlackFideId "24538795"]
[BlackEloChange "-2"]

1. d4 {[%clk 1:30:00]} Nf6 {[%clk 1:30:00]} 2. c4 {[%clk 1:31:00]} c5 {[%clk
1:30:00]} 3. d5 {[%clk 1:30:00]} b5 {[%clk 1:31:00]} 4. Qc2 {[%clk 1:30:00]} bxc4
{[%clk 1:30:00]} 5. e4 {[%clk 1:30:00]} d6 {[%clk 1:29:00]} 6. h3 {[%clk
1:30:00]} g6 {[%clk 1:29:00]} 7. Nf3 {[%clk 1:30:00]} Bg7 {[%clk 1:28:00]} 8.
Bxc4 {[%clk 1:28:00]} O-O {[%clk 1:28:00]} 9. O-O {[%clk 1:26:00]} Ba6 {[%clk
1:18:00]} 10. Nbd2 {[%clk 1:26:00]} Nfd7 {[%clk 1:04:00]} 11. Rb1 {[%clk
1:26:00]} Nb6 {[%clk 1:02:00]} 12. b3 {[%clk 1:24:00]} Qd7 {[%clk 0:57:00]} 13.
Bb2 {[%clk 1:22:00]} Bxc4 {[%clk 0:50:00]} 14. Nxc4 {[%clk 1:21:00]} Bxb2 {[%clk
0:49:00]} 15. Rxb2 {[%clk 1:21:00]} Na6 {[%clk 0:46:00]} 16. Rd1 {[%clk 1:18:00]}
Nxc4 {[%clk 0:43:00]} 17. Qxc4 {[%clk 1:17:00]} Qb7 {[%clk 0:43:00]} 18. e5
{[%clk 1:13:00]} Rab8 {[%clk 0:39:00]} 19. Qh4 {[%clk 1:11:00]} Qb4 {[%clk
0:35:00]} 20. Qxe7 {[%clk 1:10:00]} dxe5 {[%clk 0:28:00]} 21. Qxe5 {[%clk
1:08:00]} Rfe8 {[%clk 0:25:00]} 22. Qg5 {[%clk 1:06:00]} c4 {[%clk 0:24:00]} 23.
Qh6 {[%clk 0:55:00]} Qc3 {[%clk 0:18:48]} 24. Qd2 {[%clk 0:52:00]} Qxd2 {[%clk
0:17:13]} 25. Rbxd2 {[%clk 0:52:00]} c3 {[%clk 0:15:26]} 26. Rc2 {[%clk 0:51:00]}
Rec8 {[%clk 0:12:27]} 27. Rdc1 {[%clk 0:50:00]} Nb4 {[%clk 0:11:43]} 28. Rxc3
{[%clk 0:50:00]} Rxc3 {[%clk 0:12:06]} 29. Rxc3 {[%clk 0:50:00]} Nxd5 {[%clk
0:12:28]} 30. Rc5 {[%clk 0:50:00]} Nb4 {[%clk 0:11:23]} 31. Ra5 {[%clk 0:50:00]}
a6 {[%clk 0:09:02]} 32. Ne5 {[%clk 0:44:00]} Rb5 {[%clk 0:08:23]} 33. Rxb5 {[%clk
0:42:00]} axb5 {[%clk 0:08:47]} 34. a3 {[%clk 0:42:00]} Nc2 {[%clk 0:06:37]} 35.
a4 {[%clk 0:42:00]} bxa4 {[%clk 0:06:59]} 36. bxa4 {[%clk 0:43:00]} Nb4 {[%clk
0:07:10]} 37. f4 {[%clk 0:35:00]} f6 {[%clk 0:06:42]} 38. Nd7 {[%clk 0:34:00]}
Kf7 {[%clk 0:06:31]} 39. Nc5 {[%clk 0:34:00]} Nc6 {[%clk 0:06:44]} 40. Kf2 {[%clk
0:35:00]} f5 {[%clk 0:06:00]} 41. Ke3 {[%clk 0:35:00]} Ke7 {[%clk 0:06:16]} 42.
Kd3 {[%clk 0:34:00]} Kd6 {[%clk 0:06:24]} 43. Kc4 {[%clk 0:35:00]} Na7 {[%clk
0:03:58]} 44. Nd3 {[%clk 0:34:00]} Nc6 {[%clk 0:04:00]} 45. Kb5 {[%clk 0:33:00]}
Kc7 {[%clk 0:03:12]} 46. Kc5 {[%clk 0:33:00]} Ne7 {[%clk 0:03:15]} 47. Ne5 {[%clk
0:33:00]} Kb7 {[%clk 0:02:12]} 48. Kd6 {[%clk 0:31:00]} Nc8+ {[%clk 0:02:40]} 49.
Ke6 {[%clk 0:31:00]} Ka6 {[%clk 0:02:26]} 50. Nc4 {[%clk 0:31:00]} 1-0

[Event "Campeonato España Sub 14"]
[Site "Salobreña"]
[Date "2017.07.17"]
[Round "1"]
[White "Gil Ojeda, Lucia"]
[Black "Rodriguez Del Cerro, Ricardo"]
[Result "0-1"]
[Board "10"]
[WhiteClock "1:30"]
[WhiteElo "1519"]
[WhiteCountry "ESP"]
[WhiteFideId "32040938"]
[WhiteEloChange "-2"]
[BlackClock "1:30"]
[BlackElo "2034"]
[BlackCountry "ESP"]
[BlackFideId "24512451"]
[BlackEloChange "2"]

1. e4 {[%clk 1:30:00]} e6 {[%clk 1:30:00]} 2. d4 {[%clk 1:31:00]} d5 {[%clk
1:31:00]} 3. Nd2 {[%clk 1:31:00]} c5 {[%clk 1:31:00]} 4. exd5 {[%clk 1:31:00]}
Qxd5 {[%clk 1:32:00]} 5. Ngf3 {[%clk 1:23:00]} cxd4 {[%clk 1:32:00]} 6. Nb3
{[%clk 1:23:00]} e5 {[%clk 1:23:00]} 7. Qe2 {[%clk 1:21:00]} Bb4+ {[%clk
1:23:00]} 8. Bd2 {[%clk 1:20:00]} Bxd2+ {[%clk 1:24:00]} 9. Kxd2 {[%clk 1:19:00]}
Nc6 {[%clk 1:20:00]} 10. Re1 {[%clk 1:16:00]} f6 {[%clk 1:19:00]} 11. Qb5 {[%clk
1:14:00]} Qxb5 {[%clk 1:06:00]} 12. Bxb5 {[%clk 1:14:00]} Ne7 {[%clk 1:02:00]}
13. Bxc6+ {[%clk 1:13:00]} bxc6 {[%clk 1:02:00]} 14. Re2 {[%clk 1:13:00]} Kf7
{[%clk 0:58:00]} 15. Rhe1 {[%clk 1:10:00]} Nd5 {[%clk 0:55:00]} 16. g3 {[%clk
1:08:00]} Bg4 {[%clk 0:51:00]} 17. Nxe5+ {[%clk 1:00:00]} fxe5 {[%clk 0:51:00]}
18. Rxe5 {[%clk 1:00:00]} Rhe8 {[%clk 0:24:00]} 19. Nxd4 {[%clk 0:52:00]} Rxe5
{[%clk 0:24:00]} 20. Rxe5 {[%clk 0:53:00]} Ne7 {[%clk 0:23:00]} 21. Rc5 {[%clk
0:46:00]} Rd8 {[%clk 0:21:00]} 22. Ke3 {[%clk 0:43:00]} Rd6 {[%clk 0:17:51]} 23.
Ra5 {[%clk 0:40:00]} Rd7 {[%clk 0:15:55]} 24. Ra6 {[%clk 0:38:00]} Nd5+ {[%clk
0:15:46]} 25. Ke4 {[%clk 0:37:00]} Re7+ {[%clk 0:16:08]} 26. Kd3 {[%clk 0:35:00]}
Nb4+ {[%clk 0:16:08]} 0-1